Famosos - Statistics

Estatísticas Gerais
  • Esse quiz foi jogado 106 vezes
  • A pontuação média é 9 de 16
Estatísticas das Respostas
Imagem Resposta % Correto
Justin Bieber
95%
Papa Francisco
93%
Camila Cabello
85%
Ed Sheeran
83%
Shawn Mendes
83%
Shakira
79%
Demi Lovato
78%
Olivia Rodrigo
70%
David Beckham
62%
Adam Levine
51%
Victoria Beckham
43%
Oprah Winfrey
41%
Ellen DeGeneres
37%
Zelensky
25%
Priyanka Chopra
18%
Behati Prinsloo
1%
Nenhum quiz correspondente encontrado
Distribuição das Pontuações
Porcentagem de Pessoas com Cada Pontuação
Percentil de Números Respondidos
Sua Pontuação Histórica
Você não jogou esse quiz